| 000 | 00523nam a2200169 i 4500 | ||
|---|---|---|---|
| 001 | 66154 | ||
| 003 | ES-MaACL | ||
| 005 | 20230906165544.0 | ||
| 007 | t| | ||
| 008 | 040128s1938 it ||||1| ita d | ||
| 100 | 1 |
_aGaeta, Giuliano. _953204 |
|
| 245 | 1 | 0 |
_aOra o mai _b: un giornale interventista udinese / _cGiuliano Gaeta. |
| 260 |
_aTrieste : _b[s.n., _c1938] |
||
| 300 |
_a23 p. ; _c24 cm. |
||
| 500 | _aEs separata de: La porta orientale. NÂș 5-6, maggio-giugno. 1938, XVI. | ||
| 852 |
_aES-MaACL _j1909-F-7 _bR.29265 |
||
| 999 |
_c66154 _d66154 |
||